Wesen und Wandel des Glaubens

Gorde:
Xehetasun bibliografikoak
Egile nagusia: Tillich, Paul, 1886-1965 (Egilea)
Formatua: Liburua
Hizkuntza:alemana
Argitaratua: Berlín Verlag Ullstein 1975
Edizioa:1a. ed
Saila:Ullstein Buch, 318
Gaiak:
Etiketak: Etiketa erantsi
Etiketarik gabe, Izan zaitez lehena erregistro honi etiketa jartzen!

MARC

LEADER 00000cam a2200000 a 4500
001 UCE8252
003 CL-VaPUC
008 150728e19750000gw |||||||||||||||||ger|d
020 |a 3548023185 
082 0 4 |a 231.042  |b TIL  |2 21 
100 |a Tillich, Paul,  |d 1886-1965  |e author  |9 416173 
245 1 0 |a Wesen und Wandel des Glaubens 
250 |a 1a. ed 
300 |a 150 p 
942 |c BK 
945 |d 20150728 02:04:00  |a gsalatino 
260 |a Berlín  |b Verlag Ullstein   |c 1975 
650 0 |a Fe  |9 308036 
650 7 |a CONOCIMIENTO DE DIOS  |2 CL-VaPUC  |9 345641 
583 |a last modification  |c 20150728 02:04:00  |k Rodrigo Vera 
490 0 |a Ullstein Buch, 318 
999 |c 360190  |d 360188 
952 |0 0  |1 0  |3 erb  |4 0  |6 231_042000000000000_TIL_1975  |7 0  |8 A  |9 469842  |a BIBTEO  |b BIBTEO  |e Casale Rolle, Carlos Ignacio, -2014  |i 5185157  |o 231.042 TIL 1975  |p 5185157  |r 2025-01-17  |w 2019-11-23  |y BK  |z Catalogado en:20150728  |k ICR